Jafton Properties Ltd v Prisk (Valuation officer) (Record no. 49562)

MARC details
000 -LEADER
fixed length control field 01093cab a2200229 4500
001 - CONTROL NUMBER
control field ABS57214
008 - FIXED-LENGTH DATA ELEMENTS--GENERAL INFORMATION
fixed length control field 090401t1997 xxu||||| |||| 00| 0 eng d
035 ## - SYSTEM CONTROL NUMBER
System control number (Sirsi) u78860
041 ## - LANGUAGE CODE
Language code of text/sound track or separate title eng
245 ## - TITLE STATEMENT
Title Jafton Properties Ltd v Prisk (Valuation officer)
260 ## - PUBLICATION, DISTRIBUTION, ETC.
Date of publication, distribution, etc. 1997
350 ## - PRICE (NR) (BK AM CF MU VM SE) [OBSOLETE]
Price 0
490 ## - SERIES STATEMENT
Series statement Rating Appeals
Volume/sequential designation (1997) RA 137-211(38)
520 ## - SUMMARY, ETC.
Summary, etc. LT 14 November 1996. Concerned with the rateable value of an hereditament occupied as offices as at 1 April 1990 and the effect of oversupply in the locality. VO granted leave to withdraw his appeals under Lands Tribunal Rules 1975, r52. Notices of intention to appear by ratepayers constituted notices of appeal and leave was granted for the appeals to be made out of time on the grounds of fairness. VO`s revised assessment of £47,000 with oversupply allowance of 5%. The final assessment was £44,650.
650 ## - SUBJECT ADDED ENTRY--TOPICAL TERM
Topical term or geographic name entry element OFFICE BUILDINGS
650 ## - SUBJECT ADDED ENTRY--TOPICAL TERM
Topical term or geographic name entry element OVERSUPPLY ALLOWANCE
650 ## - SUBJECT ADDED ENTRY--TOPICAL TERM
Topical term or geographic name entry element RATING APPEALS
650 ## - SUBJECT ADDED ENTRY--TOPICAL TERM
Topical term or geographic name entry element RATING ASSESSMENTS
690 ## - LOCAL SUBJECT ADDED ENTRY--TOPICAL TERM (OCLC, RLIN)
Topical term or geographic name as entry element RATING AND VALUATION-CASE LAW
942 ## - ADDED ENTRY ELEMENTS (KOHA)
Suppress in OPAC 0
948 ## - LOCAL PROCESSING INFORMATION (OCLC); SERIES PART DESIGNATOR (RLIN)
c (OCLC) 11/06/1997
Holdings
Withdrawn status Lost status Source of classification or shelving scheme Damaged status Not for loan Home library Current library Shelving location Date acquired Total Checkouts Full call number Barcode Date last seen Copy number Price effective from Koha item type
    Dewey Decimal Classification     London London Journal article 14/09/1999   ABS57214 78860-1001 06/08/2019 1 06/08/2019 Law report